00843nam a2200301Ia 4500001000700000003000500007008004100012010001100053040000900064082001700073100002200090245011600112260003900228300001100267440000500278500000500283503000800288650004200296650001800338650002300356901001700379902000600396910000900402942000600411942000700417999001900424952009800443Z_5251CHAP220113s2004 xx 000 0 und d a168315 cCHAP a174.9574 A5y aAncora, G9142582 aBiotecnologías animales y vegetales : nuevas fronteras y nuevas responsabilidades /cpor G Ancora [y otros] aMéxico, D. F. :bTrillas,c2004 a192 p. a a aC/E aBiología experimental I. t.9142583 aEtica 982776 aGenética 947469 a174.9574 A5y aA a2004 c1 cc1 c168315d168315 00102ddc40708GRALaZbZc3d2005-11-09pz_5072r2022-01-18 00:00:00t1w2022-01-18yLIBRO